Die Rohstoffe der Gärungsindustrie /

Hlavní autor: Vogel, Hans, 1900-
Jazyk: Němčina
Vydáno: Basel : Wepf & Co., 1949
Fyzický popis: viii, 167 stran
Knihy
Uloženo v:
LEADER 00694nam a22002292i 4500
001 001480326
003 CZ BrMZK
005 20151103142539.0
007 ta
008 150721s1949 sz er|||||||||||ger d
040 |a BOA001  |b cze  |e rda 
100 1 |a Vogel, Hans,  |d 1900-  |7 xx0033684  |4 aut 
245 1 4 |a Die Rohstoffe der Gärungsindustrie /  |c Hans Vogel 
264 1 |a Basel :  |b Wepf & Co.,  |c 1949 
300 |a viii, 167 stran 
336 |a text  |b txt  |2 rdacontent 
337 |a bez média  |b n  |2 rdamedia 
338 |a svazek  |b nc  |2 rdacarrier 
910 |a BOA001  |b 2-0279.779 
990 |a BK 
991 |b 201507 
996 7 |b 2618873339  |c 2-0279.779  |l MZK  |r Sklad / do 24 hodin  |n 0  |w 001515347  |u 000010  |a 1  |e BOA001  |j MZK50  |s A